[Event "Olympiad-44"]
[Site "Chennai"]
[Date "2022.08.09"]
[Round "11.2"]
[White "Guterres, Cosme"]
[Black "Altell, Majed"]
[Result "0-1"]
[WhiteElo "1692"]
[BlackElo "1807"]
[PlyCount "68"]
[EventDate "2022.07.29"]
[EventType "team-swiss"]
[EventRounds "11"]
[EventCountry "IND"]
[SourceTitle "CBM 210"]
[Source "ChessBase"]
[SourceDate "2022.10.31"]
[SourceVersion "1"]
[SourceVersionDate "2022.10.31"]
[SourceQuality "1"]
[WhiteTeam "Timor Leste"]
[BlackTeam "Palestine"]
[BlackTeamCountry "PLE"]

1. d4 Nf6 2. Nf3 d5 3. c3 c5 4. e3 Nc6 5. Bd3 Bg4 6. h3 Bh5 7. Qc2 e6 8. Nbd2 c4 9. Be2 Bd6 10. Nf1 0-0 11. Qd1 Qc7 12. Ng1 Bg6 13. f4 Ne4 14. Nf3 f6 15. g3 Ne7 16. Nh4 Bf7 17. Bf3 Ng6 18. Ng2 e5 19. Bxe4 dxe4 20. dxe5 fxe5 21. f5 Ne7 22. g4 Rad8 23. Nd2 Bc5 24. Qe2 Rd3 25. 0-0 Qc6 26. Kh2 Bd5 27. Rf2 Qh6 28. Nf1 Bc6 29. Bd2 Nd5 30. Re1 Rd8 31. Bc1 b5 32. a3 Bd6 33. Qc2 Nf4 34. exf4 Rxh3+ 0-1